La agenda secreta de María Campo Alange : (Record no. 197441)

MARC details
000 -LEADER
campo de control de longitud fija 01752nam a2200421 i 4500
001 - NÚMERO DE CONTROL
campo de control 197441
003 - IDENTIFICADOR DE NÚMERO DE CONTROL
campo de control ES-MaACL
005 - FECHA Y HORA DE LA ÚLTIMA TRANSACCIÓN
campo de control 20250901041750.0
008 - DATOS DE LONGITUD FIJA--INFORMACIÓN GENERAL
campo de control de longitud fija 250512s2018 sp a | ||||o001 0dspa
015 ## - NÚMERO DE BIBLIOGRAFÍA NACIONAL
Número de bibliografía nacional MON18
017 ## - NÚMERO DE COPYRIGHT O DE DEPÓSITO LEGAL
Número de copyright o de depósito legal CS 1016-2016
Agencia que asigna Oficina Depósito Legal Castellón
020 ## - NÚMERO INTERNACIONAL ESTÁNDAR DEL LIBRO
Número Internacional Estándar del Libro 9788417429461
Información calificativa papel
020 ## - NÚMERO INTERNACIONAL ESTÁNDAR DEL LIBRO
ISBN cancelado o inválido 9788417429478
Información calificativa pdf
020 ## - NÚMERO INTERNACIONAL ESTÁNDAR DEL LIBRO
ISBN cancelado o inválido 9788417429553
Información calificativa ePub
024 7# - IDENTIFICADOR DE OTROS ESTÁNDARES
Número estándar o código cancelado o inválido DOI hhtp://dx.doi.org/10.6035/Sendes.2018.23
Fuente del número o código doi
035 ## - NÚMERO DE CONTROL DEL SISTEMA
Número de control de sistema (OCoLC)1090826804
035 ## - NÚMERO DE CONTROL DEL SISTEMA
Número de control de sistema (SpMaBN)a6483440
040 ## - FUENTE DE CATALOGACIÓN
Centro catalogador/agencia de origen SpMaBN
Lengua de catalogación spa
Centro/agencia transcriptor SpMaBN
Normas de descripción rda
080 ## - NÚMERO DE LA CLASIFICACIÓN DECIMAL UNIVERSAL
Número de la Clasificación Decimal Universal 821.134.2 Campo Alange, María Laffitte 1.07
080 ## - NÚMERO DE LA CLASIFICACIÓN DECIMAL UNIVERSAL
Número de la Clasificación Decimal Universal 141.72(0:82)
100 1# - ENTRADA PRINCIPAL--NOMBRE DE PERSONA
Nombre de persona Alcalá García, Inmaculada
9 (RLIN) 240780
Término indicativo de función/relación Autor
245 13 - MENCIÓN DEL TÍTULO
Título La agenda secreta de María Campo Alange :
Resto del título análisis de su legado en clave feminista /
Mención de responsabilidad, etc. Inma Alcalá García.
264 #1 - PRODUCCIÓN, PUBLICACIÓN, DISTRIBUCIÓN, FABRICACIÓN Y COPYRIGHT
Producción, publicación, distribución, fabricación y copyright Castellón de la Plana :
Nombre del de productor, editor, distribuidor, fabricante Universitat Jaume I, Instituto Universitario de Estudios Feministas y de Género "Purificación Escribano",
Fecha de producción, publicación, distribución, fabricación o copyright [2018].
264 #4 - PRODUCCIÓN, PUBLICACIÓN, DISTRIBUCIÓN, FABRICACIÓN Y COPYRIGHT
Fecha de producción, publicación, distribución, fabricación o copyright ©2018
300 ## - DESCRIPCIÓN FÍSICA
Extensión 348 páginas :
Otras características físicas fotografías (blanco y negro) ;
Dimensiones 24 cm.
336 ## - TIPO DE CONTENIDO
Término de tipo de contenido Texto
Fuente rdacontent
337 ## - TIPO DE MEDIO
Nombre/término del tipo de medio sin mediación
Fuente rdamedia
338 ## - TIPO DE SOPORTE
Nombre/término del tipo de soporte volumen
Fuente rdacarrier
490 1# - MENCIÓN DE SERIE
Mención de serie Col·lecció "Sendes" ;
Designación de volumen o secuencia 23
504 ## - NOTA DE BIBLIOGRAFÍA, ETC.
Nota de bibliografía, etc. Bibliografía: páginas 323-335. Índice
600 14 - PUNTO DE ACCESO ADICIONAL DE MATERIA--NOMBRE DE PERSONA
Nombre de persona Campo Alange, María Laffitte,
Títulos y otros términos asociados al nombre Condesa de,
Fechas asociadas al nombre 1902-1986
Fuente del encabezamiento o término embne
9 (RLIN) 34205
650 #0 - PUNTO DE ACCESO ADICIONAL DE MATERIA--TÉRMINO DE MATERIA
Término de materia o nombre geográfico como elemento de entrada Feminismo-
Subdivisión general En la literatura
9 (RLIN) 240781
852 ## - LOCALIZACIÓN
Ubicación ES-MaACL
Ubicación en estantería Depósito J
Número de control de estantería N-10478
Encuadernación Encuadernación rústica
itemnumber 206601
Donativo/Legado Donación: Editorial
942 ## - ELEMENTOS DE ENTRADA SECUNDARIOS (KOHA)
Tipo de ítem Koha Libro impreso
Suprimir en OPAC No
Holdings
Estatus retirado Estado de pérdida Fuente del sistema de clasificación o colocación Estado de daño No para préstamo Biblioteca de origen Biblioteca actual Ubicación en estantería Fecha de adquisición Fuente de adquisición Total de préstamos Signatura topográfica completa Código de barras Visto por última vez Precio de reemplazo Tipo de ítem Koha
    Clasificación decimal universal     Biblioteca del Ateneo de Madrid Biblioteca del Ateneo de Madrid Depósito J 19/08/2025 Donación   N-10478 2025-0977 19/08/2025 19/08/2025 Libro impreso